| 000 | 00543nam a2200205Ia 4500 | ||
|---|---|---|---|
| 001 | 15189 | ||
| 003 | GE_BSU | ||
| 008 | 181216s||||||||xx |||||||||||||| ||und|| | ||
| 040 | _cGE_BSU | ||
| 080 | _a821.353.1-1 | ||
| 100 | _aშუბლაძე, ვერა | ||
| 245 | _aლექსები | ||
| 245 | _cრედ:ალ.მაშაშვილი | ||
| 260 | _aტფილისი. | ||
| 260 | _bფედერაცია | ||
| 260 | _c1938 | ||
| 300 | _a70გვ;15სმ. | ||
| 653 | _aლექსები | ||
| 942 | _cBK | ||
| 999 |
_c48302 _d48302 |
||